000 00425nam a2200181Ia 4500
001 9829
005 20260306161747.0
008 260306t2010||||xx |||||||||||||| ||spa||
041 _aESP
082 _a465
_bR31M
100 _aReal Academia Española
_eAUT
245 0 _aNueva gramática de la lengua española:
_bmanual
260 _c2010
300 _a
_c
650 _aGEN
654 _aCHU
942 _cLIB
_dJUS
_fJUS
_2ddc
_n
999 _c9829
_d9829